000 00443cam a2200193 4500
001 D3471
008 090401t1981 xxu||||| |||| 00| 0 eng d
035 _a(Sirsi) u73447
041 _aeng
050 _a333.332
100 _aEnever, Nigel
245 4 _aThe valuation of property investments
250 _a2nd
260 _aLondon
_bEstates Gazette
_c1981
300 _a212p. 21cm
350 _a7.5
942 _n0
948 _c04/03/1997
999 _c95601
_d95601